000 00494nam a2200205Ia 4500
008 210210b1944 xxu||||| |||| 00| 0 eng d
041 _aeng
082 _a539/80
100 _aSPECIALISTS IN THE FIELD OF AERONAUTICS
245 _aHand book of airplane maintenance and operation
260 _aNew York
_b-
_c1944
300 _a592
650 _aoperation
650 _amaintenance
650 _aHand
650 _abook
650 _aairplane
690 _aPhysics
906 _a009096
999 _c127843
_d127843